000 00559nam a2200229Ia 4500
003 OSt
005 20221005122642.0
006 a|||||r|||| 00| 0
007 ta
008 221004b |||||||| |||| 00| 0 kan d
024 _a60429
037 _cTextual
040 _aCRL
_cCRL
_bkan
041 _2kan
_akan
082 _aO33,3N12,3, J8
100 _aInamdar Au.
_9226724
245 0 _aKanasina mana
260 _c1958
650 _aKANNAD FICTION
942 _hO33,3N12,3, J8
_cTEXL
_2cc
999 _c1044961
_d1044961